000 00978nam a22002657a 4500
999 _c65592
_d65592
005 20240530110833.0
008 190930s2007 ua f b 000 0 ara d
017 _a2007/19727
_bمصر. دار الكتب
040 _aEG-CaGPL
_cEG-CaGPL
082 0 4 _221
_a321.80962
_bق/ ن د
100 0 _aنبيل فرج
245 1 2 _aالديمقراطية فى فكر رواد النهضة المصرية /
_cنبيل فرج
250 _aط.1
260 _aالقاهرة :
_bمركز القاهرة لدراسات حقوق الانسان ،
_c2007
300 _a278 ص. ؛
_c24 سم .
490 0 _aسلسلة مبادرات فكرية ؛
_v29
504 _aيشمل على ارجاعات ببليوجرافية
600 0 _2qrmak
_aقاسم امين
600 0 _2qrmak
_aمي زيادة
600 0 _2qrmak
_aرفاعة الطهطاوى
650 0 7 _2qrmak
_aالديمقراطية
_zمصر
651 _2qrmak
942 _2ddc
_cBK